000 00609nam a2200229Ia 4500
003 OSt
005 20221007071442.0
006 a|||||r|||| 00| 0
007 ta
008 221006b |||||||| |||| 00| 0 eng d
024 _a14,162
037 _cTextual
040 _aFLL
_cFLL
_beng
041 _2eng
_aeng
082 _aX:5:Z5, M0
100 _aLasok J.W. Au.
_9688790
245 0 _aLaw of economy in the european communitie
260 _aLondon
_bButterworths London
_c1980
300 _a445p
_ccm.
942 _hX:5:Z5, M0
_cTEXL
_2CC
999 _c1143393
_d1143393